| 000 | 00857 a2200241 4500 | ||
|---|---|---|---|
| 999 |
_c23963 _d23963 |
||
| 003 | Nust | ||
| 005 | 20170622111550.0 | ||
| 008 | 170622b xxu||||| |||| 00| 0 eng d | ||
| 010 | _a 2004040174 | ||
| 020 | _a8120326830 | ||
| 040 | _cNust | ||
| 050 | _a621.395 PED | ||
| 082 | 0 | 0 | _a621.395 PED |
| 100 | 1 |
_aVolnei A. Pedroni. _93071 |
|
| 245 | 1 | 0 |
_aCircuit design with VHDL _cVolnei A. Pedroni. |
| 260 |
_aCambridge, Mass. : _bMIT Press, _cc2004. |
||
| 300 |
_axii, 363 p. : _bill. ; _c24 cm. |
||
| 505 | _apart 1.Circuit Design (Page-1),part 2. System Design (Page-231)3.index (page 359) | ||
| 538 |
_a _iShelf # 09, Row # 2, History & Digital Design. |
||
| 650 | 0 |
_aElectronic circuit design. _93072 |
|
| 650 | 0 |
_aSystem design. _92255 |
|
| 650 | 0 |
_aVHDL (Computer hardware description language) _92937 |
|
| 942 |
_2ddc _cBK _h621.395 PED |
||